header

Gender, caste and class in India (Record no. 84276)

MARC details
000 -LEADER
fixed length control field 01285nam a2200337 a 4500
100 1# - MAIN ENTRY--AUTHOR NAME
Personal name Yadav, Neelima.
245 10 - TITLE STATEMENT
Title Gender, caste and class in India
260 ## - PUBLICATION, DISTRIBUTION, ETC. (IMPRINT)
Place of publication New Delhi :
Name of publisher Pragun Publications,
Year of publication 2006.
300 ## - PHYSICAL DESCRIPTION
Number of Pages vi, 266 p. :
Other physical details ill.
650 #0 - SUBJECT ADDED ENTRY--TOPICAL TERM
Topical Term Women
Topical Term Women
Topical Term Sex discrimination against women
Topical Term Caste
Topical Term Social classes
856 40 - ELECTRONIC LOCATION AND ACCESS
Uniform Resource Identifier http://site.ebrary.com/lib/rucke/Doc?id=10416311

No items available.

© 2026 Rongo University
Contact us: librarian | system librarian | Rongo university